000 00726na a2200265 4500
001 14197
003 MIRAKIL
005 20181213154833.0
008 161025b tu 000 0
020 _a9758231006
035 _a14197
040 _aMilas
_btur
_cTR-AnCHP
041 _atur
082 _a956.1023092
_bY24ç 1997
090 _a956.1023092 Y24ç 1997
100 _aYalaz, Suat
245 _aÇerkez Etem
_cSuat Yalaz
260 _aİstanbul
_bYalaz Prodüksiyon Yayınları
_c1997
300 _a228 s.
_bres.
_c24 sm.
500 _aYapıt, belgesel resimli romandır.
650 _aİsyanlar, Edebiyatta
650 _aKurtuluş Savaşı
_xİsyanlar
657 _aÇizgi tarih romanı
942 _2ddc
_cBKS
999 _c1739
_d1739